• 首页
  • 本馆介绍
  • 公告通知
  • 最新文献
  • 馆藏检索
  • 电子资源
  • 读者荐购
  • 参考咨询
  • CALIS
  • 我的图书馆
  • 登录
  • 详细信息显示
  • 放入我的书架
  • 预约/预借图书
  • 作者相关作品
  • 分类相关作品
  • 丛书相关作品
  • 出版社相关作品

书目信息

  • 表格格式
  • 工作单格式
  • 卡片格式
题名:
3DS MAX居室效果图创作技能特训
    
 
作者: 高志清 主编
分册:  
出版信息: 北京   中国水利水电出版社  2003.07
页数: 228页
开本: 26cm
丛书名: 电脑设计技能特训丛书
单 册:
中图分类: TU238-39
科图分类:
主题词: 室内装饰--建筑设计: 计算机辅助设计--应用软件, 3DS MAX , 建筑设计 , 计算机辅助设计 , 应用软件, 3DS MAX
电子资源:
ISBN: 7-5084-1433-0
 
 
 
 
 
000 00921nam2 2200289 45
001 012003000000
005 20050119104935.17
010    @a7-5084-1433-0@dCNY 30.00
100    @a20030821d2003 ekmy0chiy0121 ea
101 0  @achi
102    @aCN@b110000
105    @aaf z 000yy
200 1  @a3DS MAX居室效果图创作技能特训@A3DS MAX ju shi xiao guo tu chuang zuo ji neng te xun@f高志清主编
210    @a北京@c中国水利水电出版社@d2003.07
215    @a228页@c图, 照片@d26cm@e附光盘一张
225 2  @a电脑设计技能特训丛书
307    @a光盘ISBN7-89499-252-6/TP·101
410  0 @12001 @a电脑设计技能特训丛书
606 0  @a室内装饰@x建筑设计: 计算机辅助设计@x应用软件, 3DS MAX
606 0  @a建筑设计
606 0  @a计算机辅助设计
606 0  @a应用软件, 3DS MAX
610 1  @a3DS MAX
690    @aTU238-39@v4
701  0 @a高志清@Agao zhi qing@4主编
801  0 @aCN@bQSSK3@c20050119
905    @a10447@dTU238-39@eG2103
    
    3DS MAX居室效果图创作技能特训/高志清主编.-北京:中国水利水电出版社,2003.07
    228页:图, 照片;26cm+附光盘一张.-(电脑设计技能特训丛书)
    
    
    ISBN 7-5084-1433-0:CNY 30.00
    
●
相关链接 在E读中查询图书 在当当中查询图书 在豆瓣中查询图书


正题名:3DS MAX居室效果图创作技能特训     索取号:TU238-39/G2103         预约/预借

序号 登录号 条形码 馆藏地/架位号 状态 备注
1 439194   204391942   管理学院资料室/ [索取号:TU238-39/G2103] 在馆    
2 439195   204391951   管理学院资料室/ [索取号:TU238-39/G2103] 在馆    
3 439196   204391960   管理学院资料室/ [索取号:TU238-39/G2103] 在馆    
河南城建学院图书馆 欢迎您!
大连网信软件有限公司© 版权所有